| 000 | 00670nam a2200253Ia 4500 | ||
|---|---|---|---|
| 003 | OSt | ||
| 005 | 20220918215726.0 | ||
| 006 | a|||||r|||| 00| 0 | ||
| 007 | ta | ||
| 008 | 220917b |||||||| |||| 00| 0 eng d | ||
| 024 | _a142,319 | ||
| 037 | _cTextual | ||
| 040 |
_aARTS _cARTS _beng |
||
| 041 |
_2eng _aeng |
||
| 082 | _aY11-35.7913y7, L7 | ||
| 100 |
_aLynch Kevin Ed _9134937 |
||
| 245 | 0 | _aGrowing up in cities | |
| 260 |
_aCambridge _bMIT Press _c1977 |
||
| 300 |
_avi, 177p. _ccm. |
||
| 500 | _aBibliography p165-166 | ||
| 650 | _aSOCIOLOGY | ||
| 942 |
_hY11-35.7913y7, L7 _cTEXL _2CC |
||
| 999 |
_c265278 _d265278 |
||